| 000 | 00544nam a22001937a 4500 | ||
|---|---|---|---|
| 005 | 20140811151908.0 | ||
| 010 | _aENG-110323 | ||
| 020 |
_a9789350623176 _c295.00 |
||
| 035 | _aEN-93855 | ||
| 037 | _bDBAD/PUB | ||
| 082 | _a658.300954 | ||
| 100 | _aDharmarao, Ravi | ||
| 245 |
_aHR through case studies / _cby Ravi Dharmarao |
||
| 250 | _a2nd ed | ||
| 260 |
_aNew Delhi _bExcel Books _c2013 |
||
| 270 |
_aA-45, Naraina, Phase I _bNew Delhi _e110028 |
||
| 300 |
_axix,193p. _c24cm(pbk) |
||
| 942 |
_2ddc _cEN _mDHA _h658.300954 |
||
| 999 |
_c86251 _d86251 |
||